000 00708nam a2200229 a 4500
999 _c4396
_d4396
001 4396
003 BD-JhCC
005 20171126205439.0
008 171126s1981 bg ||||| |||| 00| 0 ben d
035 _a(BD-JhCC)4396
040 _aBD-JhCC
_dBD-JhCC
041 _aben
082 _a339.46
_bGAL 1981
100 _aগলব্রেথ, জন কেনেথ
245 _aগণ দারিদ্রে্যর প্রকৃতি /
_cজন কেনেথ গলব্রেথ
260 _aঢাকা:
_bআহমদ পাবলিশিং হাউস,
_c1981.
300 _a85 p. :
_c21 cm.
650 _aPoverty
650 _aDeveloping Countries
942 _2ddc
_cBK